A programmer's Guide to Java Certification (Record no. 3653)
[ view plain ]
| 000 -LEADER | |
|---|---|
| fixed length control field | 00352nam a2200145Ia 4500 |
| 008 - FIXED-LENGTH DATA ELEMENTS--GENERAL INFORMATION | |
| fixed length control field | 191201s2008 xx 000 0 und d |
| 082 ## - DEWEY DECIMAL CLASSIFICATION NUMBER | |
| Classification number | 005.133 |
| Item number | MUP |
| 100 ## - MAIN ENTRY--PERSONAL NAME | |
| Personal name | MUGHAL, Khalid A. |
| 245 #2 - TITLE STATEMENT | |
| Title | A programmer's Guide to Java Certification |
| 250 ## - EDITION STATEMENT | |
| Edition statement | 9th |
| 260 ## - PUBLICATION, DISTRIBUTION, ETC. (IMPRINT) | |
| Place of publication, distribution, etc | N.Delhi |
| Name of publisher, distributor, etc | Pearson |
| Date of publication, distribution, etc | 2008 |
| 300 ## - PHYSICAL DESCRIPTION | |
| Extent | 661 |
| 650 ## - SUBJECT ADDED ENTRY--TOPICAL TERM | |
| Topical term or geographic name as entry element | MCA |
| 942 ## - ADDED ENTRY ELEMENTS (KOHA) | |
| Source of classification or shelving scheme | Dewey Decimal Classification |
| Koha item type | Text Books |
| Withdrawn status | Lost status | Source of classification or shelving scheme | Damaged status | Not for loan | Collection code | Home library | Current library | Date acquired | Source of acquisition | Cost, normal purchase price | Bill Number | Total Checkouts | Full call number | Acc. no. / Barcode | Date last seen | Bill Date | Koha item type | Date last borrowed |
|---|---|---|---|---|---|---|---|---|---|---|---|---|---|---|---|---|---|---|
| Dewey Decimal Classification | MCA | PIET C-LIBRARY | PIET C-LIBRARY | 19/12/2008 | J B C, New Delhi | 599.00 | SI-4643 | 005.133 MUP | 10412 | 04/12/2019 | 11/12/2008 | Text Books | ||||||
| Dewey Decimal Classification | MCA | PIET C-LIBRARY | PIET C-LIBRARY | 19/12/2008 | J B C, New Delhi | 599.00 | SI-4643 | 005.133 MUP | 10413 | 04/12/2019 | 11/12/2008 | Text Books | ||||||
| Dewey Decimal Classification | Computer Science & Engineering in Cyber Security | PIET C-LIBRARY | PIET C-LIBRARY | 19/12/2008 | J B C, New Delhi | 599.00 | SI-4643 | 1 | 005.133 MUP | 10414 | 08/11/2025 | 11/12/2008 | Text Books | 01/08/2025 | ||||
| Dewey Decimal Classification | Computer Science & Engineering in Cyber Security | PIET C-LIBRARY | PIET C-LIBRARY | 19/12/2008 | J B C, New Delhi | 599.00 | SI-4643 | 005.133 MUP | 10415 | 04/12/2019 | 11/12/2008 | Text Books |